000 00367 a2200157 4500
001 165605
020 _a
040 _cMagnum
100 _aFiorin, Jose Luiz
240 1 0 _aPara entender o texto: leitura e redacao
_lpor
245 1 0 _aPara entender o texto: leitura e redacao
362 0 _a1899
440 1 _aÁtica
697 _aPRODUCAO DE TEXTO
942 _cBK
999 _c165605
_d165605